000 00505nam a2200193Ia 4500
005 20250326130008.0
008 250326s9999 xx 000 0 und d
037 _aTextbook
040 _aFMSL
_beng
_cFMSL
041 _aeng
_2eng
084 _aX:8y7 P5
_qFMSL
100 _aPearce J A
_9739997
245 0 _aStrategic management
_cPearce J A; Robinson R B
250 _a9
260 _aNY
_bNY, McGraw-Hill
_c2005
300 _avp
942 _cTB
_hX:8y7 P5
999 _c1280488
_d1280488